Statistics for Language That Are Official in Only One Country

Click here to take the quiz!

General Stats

  • This quiz has been taken 95 times
    (42 since last reset)
  • The average score is 58 of 82

Answer Stats

CountryLanguage% Correct
ArmeniaArmenian
97%
EstoniaEstonian
97%
IsraelHebrew
97%
BulgariaBulgarian
97%
DenmarkDanish
97%
LatviaLatvian
95%
IcelandIcelandic
95%
LithuaniaLithuanian
95%
BelarusBelarusian
95%
JapanJapanese
95%
Bosnia and
Herzegovina
Bosnian
95%
IrelandIrish
95%
HungaryHungarian
92%
Czech RepublicCzech
92%
SlovakiaSlovak
92%
CambodiaKhmer
92%
FinlandFinnish
92%
BangladeshBengali
92%
LaosLao
92%
GeorgiaGeorgian
92%
KazakhstanKazakh
89%
MongoliaMongolian
89%
PolandPolish
89%
ThailandThai
89%
NorwayNorwegian
89%
North MacedoniaMacedonian
87%
IndiaHindi
87%
SomaliaSomali
87%
MaltaMaltese
87%
AzerbaijanAzerbaijani
87%
MontenegroMontenegrin
84%
MyanmarBurmese
84%
TurkmenistanTurkmen
84%
PhilippinesTagalog
84%
UkraineUkrainian
84%
SamoaSamoan
84%
VietnamVietnamese
84%
LuxembourgLuxembourgish
82%
IndonesiaIndonesian
82%
KyrgyzstanKyrgyz
82%
UzbekistanUzbek
82%
FijiFijian
79%
PakistanUrdu
79%
SloveniaSlovene
79%
AndorraCatalan
79%
HaitiHaitian Creole
79%
NepalNepali
76%
AfghanistanPashto
76%
New ZealandMaori
74%
BurundiKirundi
71%
SwitzerlandRomansh
68%
South AfricaZulu
68%
TongaTongan
68%
South AfricaAfrikaans
66%
TuvaluTuvaluan
66%
KiribatiGilbertese
66%
MaldivesDhivehi
63%
NauruNauruan
63%
Marshall IslandsMarshallese
63%
RwandaKinyarwanda
61%
EthiopiaAmharic
61%
IraqKurdish
58%
MadagascarMalagasy
58%
PalauPalauan
58%
BoliviaQuechua
53%
BhutanDzongkha
50%
SeychellesSeychellois
Creole
47%
ComorosComorian
42%
Sri LankaSinhalese
39%
NorwaySami
39%
BoliviaAymara
37%
FijiFiji Hindi
34%
ZimbabweShona
29%
South AfricaTsonga
26%
South AfricaSouthern
Ndebele
24%
Papua New GuineaTok Pisin
21%
South AfricaNorthern Sotho
21%
Central
African Republic
Sango
18%
East TimorTetum
18%
VanuatuBislama
18%
Papua New GuineaHiri Motu
18%
ZimbabweNorthern Ndebele
18%

Score Distribution

Percentile by Number Answered

Percent of People with Each Score

Your Score History

You have not taken this quiz since the last reset